Tour de France 2003 riders - Statistics

General Stats
  • This quiz has been taken 203 times
    172 since last reset
  • The average score is 107 of 198
Answer Stats
Team # Answer % Correct
US Postal 1 Lance Armstrong
100%
Bianchi 131 Jan Ullrich
96%
ONCE-Eroski 11 Joseba Beloki
92%
Telekom 28 Alexandre Vinokourov
90%
CSC 78 Carlos Sastre
90%
Fassa Bortolo 81 Ivan Basso
90%
CSC 71 Tyler Hamilton
90%
Cofidis 61 David Millar
88%
Telekom 29 Erik Zabel
88%
US Postal 5 George Hincapie
88%
Rabobank 41 Levi Leipheimer
88%
US Postal 2 Roberto Heras
88%
Euskaltel-Euskadi 171 Iban Mayo
86%
Lotto-Domo 141 Robbie McEwen
86%
US Postal 6 Floyd Landis
84%
CSC 73 Nicolas Jalabert
84%
Telekom 21 Santiago Botero
84%
Telekom 26 Andreas Kloden
82%
Credit Agricole 121 Christophe Moreau
82%
iBanesto.com 36 Denis Menchov
82%
Saeco 51 Gilberto Simoni
82%
Euskaltel-Euskadi 179 Haimar Zubeldia
82%
Credit Agricole 125 Thor Hushovd
82%
iBanesto.com 31 Francisco Mancebo
80%
Quick Step-Davitamon 111 Paolo Bettini
80%
US Postal 4 Viatcheslav Ekimov
80%
Quick Step-Davitamon 119 Richard Virenque
78%
Fassa Bortolo 88 Alessandro Petacchi
76%
Fdjeux.com 93 Baden Cooke
76%
ONCE-Eroski 13 Jose Azevedo
76%
CSC 79 Nicki Sorensen
76%
Rabobank 44 Oscar Freire
76%
Credit Agricole 127 Stuart O'Grady
76%
Brioches La Boulangere 183 Sylvain Chavanel
76%
Brioches La Boulangere 189 Thomas Voeckler
76%
US Postal 8 Victor Hugo Pena
76%
Gerolsteiner 191 Davide Rebellin
75%
Credit Agricole 129 Jens Voigt
75%
ONCE-Eroski 14 Alvaro Gonzalez de Galdeano
73%
US Postal 9 Jose Luis Rubiera
73%
Rabobank 42 Michael Boogerd
73%
Rabobank 45 Robert Hunter
73%
Fdjeux.com 96 Bradley McGee
71%
Brioches La Boulangere 186 Damien Nazon
71%
AG2R Prevoyance 156 Jaan Kirsipuu
71%
Jean Delatour 219 Jean-Patrick Nazon
71%
US Postal 3 Manuel Beltran
71%
Euskaltel-Euskadi 178 Samuel Sanchez
71%
Fdjeux.com 91 Sandy Casar
71%
Vini Caldirola 161 Stefano Garzelli
71%
Telekom 24 Giuseppe Guerini
69%
ONCE-Eroski 15 Jorg Jacksche
69%
Alessio 201 Laurent Dufaux
69%
US Postal 7 Pavel Padrnos
69%
Euskaltel-Euskadi 175 Roberto Laiseka
69%
iBanesto.com 34 Vladimir Karpets
69%
Euskaltel-Euskadi 173 David Etxebarria
67%
Brioches La Boulangere 181 Didier Rous
67%
Quick Step-Davitamon 117 Michael Rogers
67%
Telekom 23 Rolf Aldag
67%
Euskaltel-Euskadi 174 Unai Etxebarria
67%
Cofidis 69 Cedric Vasseur
65%
Vini Caldirola 167 Fred Rodriguez
65%
Fdjeux.com 92 Jimmy Casper
65%
Telekom 22 Mario Aerts
65%
Fassa Bortolo 84 Aitor Gonzalez
63%
Gerolsteiner 198 Georg Totschnig
63%
AG2R Prevoyance 152 Mikel Astarloza
63%
Quick Step-Davitamon 115 Servais Knaven
63%
Bianchi 133 Angel Casero
61%
Cofidis 66 David Moncoutie
61%
Rabobank 47 Grischa Niermann
61%
CSC 77 Jakob Piil
61%
iBanesto.com 32 Juan Antonio Flecha
61%
Quick Step-Davitamon 112 Laszlo Bodrogi
61%
Lotto-Domo 148 Leon van Bon
61%
Fassa Bortolo 89 Marco Velo
61%
Rabobank 48 Marc Wauters
61%
AG2R Prevoyance 151 Laurent Brochard
59%
iBanesto.com 35 Pablo Lastras
59%
Jean Delatour 211 Patrice Halgand
59%
Telekom 27 Daniele Nardello
57%
Bianchi 134 Felix Garcia Casas
57%
Cofidis 67 Luis Perez
57%
CSC 75 Peter Luttenberger
57%
Brioches La Boulangere 184 Anthony Geslin
55%
Cofidis 68 Guido Trentin
55%
Cofidis 63 Inigo Cuesta
55%
iBanesto.com 33 Jose Vicente Garcia Acosta
55%
iBanesto.com 37 Juan Miguel Mercado
55%
AG2R Prevoyance 153 Alexandre Botcharov
53%
ONCE-Eroski 18 Marcos Serrano
53%
Cofidis 65 Massimiliano Lelli
53%
Fdjeux.com 98 Nicolas Vogondy
53%
Gerolsteiner 193 Rene Haselbacher
53%
Credit Agricole 124 Sebastien Hinault
53%
Gerolsteiner 192 Udo Bolts
53%
Alessio 207 Vladimir Miholjevic
53%
Euskaltel-Euskadi 177 Alberto Lopez de Munain
51%
Rabobank 43 Bram de Groot
51%
Fdjeux.com 97 Christophe Mengin
51%
Kelme-Costa Blanca 101 Ignacio Gutierrez
51%
Kelme-Costa Blanca 102 Jose Enrique Gutierrez
51%
Lotto-Domo 149 Rik Verbrugghe
51%
Vini Caldirola 168 Romans Vainsteins
51%
Brioches La Boulangere 182 Walter Beneteau
51%
Quick Step-Davitamon 113 Davide Bramati
49%
ONCE-Eroski 16 Isidro Nozal
49%
AG2R Prevoyance 159 Ludovic Turpin
49%
Telekom 25 Matthias Kessler
49%
CSC 72 Michael Blaudzun
49%
AG2R Prevoyance 158 Nicolas Portal
49%
Jean Delatour 213 Samuel Dumoulin
49%
Bianchi 135 Aitor Garmendia
47%
Lotto-Domo 146 Axel Merckx
47%
Jean Delatour 215 Frederic Finot
47%
Euskaltel-Euskadi 176 Inigo Landaluze
47%
ONCE-Eroski 12 Rene Andrle
47%
iBanesto.com 39 Xabier Zandio
47%
CSC 76 Andrea Peron
45%
ONCE-Eroski 19 Angel Vicioso
45%
Saeco 54 Danilo Di Luca
45%
Saeco 58 Fabio Sacchi
45%
Bianchi 136 Fabrizio Guidi
45%
Alessio 209 Franco Pellizotti
45%
AG2R Prevoyance 154 Inigo Chaurreau
45%
Brioches La Boulangere 187 Jerome Pineau
45%
Quick Step-Davitamon 116 Luca Paolini
45%
Gerolsteiner 199 Markus Zberg
45%
Credit Agricole 123 Pierrick Fedrigo
45%
Gerolsteiner 194 Uwe Peschel
45%
Vini Caldirola 164 Andrej Hauptman
43%
iBanesto.com 38 Evgeni Petrov
43%
Fassa Bortolo 82 Marzio Bruseghin
43%
Saeco 53 Salvatore Commesso
43%
Bianchi 139 Tobias Steinhauser
43%
Fassa Bortolo 85 Volodymyr Gustov
43%
Jean Delatour 217 Yuriy Krivtsov
43%
AG2R Prevoyance 155 Andy Flickinger
41%
Quick Step-Davitamon 114 David Canada
41%
Brioches La Boulangere 188 Franck Renier
41%
Fdjeux.com 99 Matthew Wilson
41%
Cofidis 62 Mederic Clain
41%
ONCE-Eroski 17 Mikel Pradera
41%
Cofidis 64 Philippe Gaumont
41%
Fdjeux.com 94 Carlos Da Cruz
39%
AG2R Prevoyance 157 Christophe Oriol
39%
Jean Delatour 218 Laurent Lefevre
39%
Rabobank 49 Remmert Wielinga
39%
Credit Agricole 122 Stephane Auge
39%
Jean Delatour 216 Stephane Goubert
39%
Fassa Bortolo 87 Sven Montgomery
39%
Lotto-Domo 143 Christophe Brandt
37%
Bianchi 138 David Plaza
37%
Saeco 56 Gerrit Glomser
37%
Lotto-Domo 144 Hans De Clercq
37%
Kelme-Costa Blanca 106 Ivan Parra
37%
Saeco 57 Jorg Ludewig
37%
Saeco 52 Leonardo Bertagnolli
37%
Brioches La Boulangere 185 Maryan Hary
37%
Gerolsteiner 196 Michael Rich
37%
Fdjeux.com 95 Nicolas Fritsch
37%
Lotto-Domo 142 Serge Baguet
37%
Saeco 59 Stefano Zanini
37%
Gerolsteiner 197 Torsten Schmidt
37%
CSC 74 Bekim Christensen
35%
Jean Delatour 214 Christophe Edaleine
35%
Fassa Bortolo 83 Dario Cioni
35%
Euskaltel-Euskadi 172 Mikel Artetxe
35%
Alessio 202 Fabio Baldato
33%
Lotto-Domo 147 Koos Moerenhout
33%
Credit Agricole 126 Lilian Jegou
33%
Rabobank 46 Marc Lotz
33%
Alessio 208 Andrea Noe
31%
Kelme-Costa Blanca 107 Javier Pascual Llorente
31%
Fassa Bortolo 86 Nicola Loda
31%
Credit Agricole 128 Benoit Poilvet
29%
Bianchi 132 Daniel Becke
29%
Kelme-Costa Blanca 104 Jesus Manzano
29%
Quick Step-Davitamon 118 Kurt van de Wouwer
29%
Gerolsteiner 195 Olaf Pollack
27%
Vini Caldirola 169 Steve Zampieri
27%
Alessio 206 Angelo Furlan
25%
Jean Delatour 212 Pierre Bourquenoud
25%
Vini Caldirola 165 Eddy Mazzoleni
24%
Lotto-Domo 145 Nick Gates
24%
Alessio 203 Alessandro Bertolini
22%
Kelme-Costa Blanca 108 Antonio Tauler
22%
Kelme-Costa Blanca 105 David Munoz
22%
Saeco 55 Paolo Fornaciari
22%
Bianchi 137 Thomas Liese
22%
Kelme-Costa Blanca 103 David Latasa
20%
Alessio 204 Pietro Caucchioli
18%
Kelme-Costa Blanca 109 Julian Usano
16%
Vini Caldirola 166 Marco Milesi
16%
Alessio 205 Raffaele Ferrara
16%
Vini Caldirola 162 Dario Andriotto
14%
Vini Caldirola 163 Paolo Bossoni
12%
No matching quizzes found
Score Distribution
Percent of People with Each Score
Percentile by Number Answered
Your Score History
You have not taken this quiz since the last reset